Seven Wonders of the Ancient World - Sudden Death - Statistics

General Stats
  • This quiz has been taken 3,573 times
  • The average score is 5 of 7
Answers on the Grid
Answers color-coded by a green-red scale on the quiz's grid according to % correct below.
Angkor Wat
Chichén Itzá
Christ the Redeemer Statue
Colosseum
Colossus of Rhodes
Grand Canyon
Great Pyramid of Giza
Great Wall of China
Hagia Sophia
Hanging Gardens of Babylon
Hoover Dam
Leaning Tower of Pisa
Lighthouse of Alexandria
Machu Picchu
Mausoleum of Halicarnassus
Moai Statues
Niagara Falls
Petra
Pink and White Terraces
Solomon's Temple
Statue of Liberty
Statue of Zeus at Olympia
Stonehenge
Sydney Opera House
Taj Majal
Temple of Artemis at Ephesus
Terracotta Army
 
Answer Stats
Answer % Correct
Great Pyramid of Giza
84%
Hanging Gardens of Babylon
78%
Colossus of Rhodes
75%
Lighthouse of Alexandria
71%
Statue of Zeus at Olympia
59%
Temple of Artemis at Ephesus
55%
Mausoleum of Halicarnassus
53%
No matching quizzes found
Score Distribution
Percent of People with Each Score
Percentile by Number Answered
Your Score History
You have not taken this quiz